[Event "Girls U14 Polish Youth Championship"]
[Site "chess24.com"]
[Date "2018.05.05"]
[Round "9"]
[White "Cieslak, Jessica"]
[Black "Retz, Agnieszka"]
[Result "1-0"]
[Board "22"]
[WhiteElo "1357"]
[WhiteCountry "POL"]
[WhiteFideId "21819521"]
[WhiteEloChange "5"]
[BlackElo "1172"]
[BlackCountry "POL"]
[BlackFideId "21819408"]
[BlackEloChange "-5"]

1. d4 {[%clk 1:30:58]} d5 {[%clk 1:30:54]} 2. Nf3 {[%clk 1:31:20]} e6 {[%clk
1:30:38]} 3. g3 {[%clk 1:31:41]} Nf6 {[%clk 1:30:45]} 4. Bg2 {[%clk 1:31:58]} Be7
{[%clk 1:30:01]} 5. O-O {[%clk 1:32:13]} O-O {[%clk 1:30:13]} 6. c4 {[%clk
1:32:31]} c6 {[%clk 1:30:20]} 7. b3 {[%clk 1:30:03]} Nbd7 {[%clk 1:29:51]} 8. Bb2
{[%clk 1:30:06]} b6 {[%clk 1:29:32]} 9. Nc3 {[%clk 1:22:05]} Bb7 {[%clk 1:29:20]}
10. Nd2 {[%clk 1:19:56]} c5 {[%clk 1:28:12]} 11. dxc5 {[%clk 1:18:42]} Nxc5
{[%clk 1:28:21]} 12. cxd5 {[%clk 1:17:32]} Nxd5 {[%clk 1:27:14]} 13. Nxd5 {[%clk
1:17:05]} Bxd5 {[%clk 1:27:20]} 14. Bxd5 {[%clk 1:17:22]} Qxd5 {[%clk 1:27:35]}
15. Nf3 {[%clk 1:16:48]} Qf5 {[%clk 1:24:06]} 16. Rc1 {[%clk 1:12:21]} Rfd8
{[%clk 1:18:41]} 17. Qc2 {[%clk 1:12:24]} Qh5 {[%clk 1:17:56]} 18. Qc4 {[%clk
1:00:30]} Qh6 {[%clk 1:15:39]} 19. Qg4 {[%clk 0:59:33]} Bf6 {[%clk 1:15:04]} 20.
Bxf6 {[%clk 0:58:47]} Qxf6 {[%clk 1:15:25]} 21. Qc4 {[%clk 0:58:33]} Rac8 {[%clk
1:10:35]} 22. Rfd1 {[%clk 0:56:08]} h6 {[%clk 1:06:04]} 23. b4 {[%clk 0:53:11]}
b5 {[%clk 1:04:52]} 24. Qxb5 {[%clk 0:50:29]} Rxd1+ {[%clk 1:04:55]} 25. Rxd1
{[%clk 0:48:47]} Ne4 {[%clk 1:04:34]} 26. Qd7 {[%clk 0:46:43]} Qc3 {[%clk
1:02:45]} 27. a4 {[%clk 0:43:36]} a6 {[%clk 1:02:42]} 28. Ne5 {[%clk 0:43:19]}
Rc7 {[%clk 1:02:30]} 29. Qd4 {[%clk 0:40:59]} Qxd4 {[%clk 1:01:12]} 30. Rxd4
{[%clk 0:40:57]} Nc3 {[%clk 1:01:22]} 31. Rd8+ {[%clk 0:39:41]} Kh7 {[%clk
1:01:40]} 32. e3 {[%clk 0:39:35]} Nxa4 {[%clk 1:01:31]} 33. Ra8 {[%clk 0:39:58]}
Nb6 {[%clk 1:00:37]} 34. Rxa6 {[%clk 0:39:44]} Nd5 {[%clk 1:00:55]} 35. b5 {[%clk
0:39:30]} Rb7 {[%clk 1:01:09]} 36. b6 {[%clk 0:38:36]} Nxb6 {[%clk 1:01:25]} 37.
Nxf7 {[%clk 0:38:53]} Rxf7 {[%clk 1:01:36]} 38. Rxb6 {[%clk 0:39:15]} Rf6 {[%clk
1:01:59]} 39. f4 {[%clk 0:39:10]} Kg6 {[%clk 1:01:55]} 40. Kg2 {[%clk 0:38:54]}
Kf5 {[%clk 1:00:55]} 41. Kf3 {[%clk 0:39:04]} g5 {[%clk 1:00:37]} 42. g4+ {[%clk
0:38:37]} Kg6 {[%clk 1:00:42]} 43. Ke4 {[%clk 0:38:49]} Kg7 {[%clk 0:59:46]} 44.
Ke5 {[%clk 0:38:35]} Kf7 {[%clk 1:00:10]} 45. f5 {[%clk 0:39:00]} h5 {[%clk
0:58:07]} 46. Rxe6 {[%clk 0:39:01]} Rxe6+ {[%clk 0:57:25]} 47. fxe6+ {[%clk
0:39:23]} Ke7 {[%clk 0:57:48]} 48. gxh5 {[%clk 0:39:44]} g4 {[%clk 0:57:35]} 49.
h6 {[%clk 0:40:02]} Ke8 {[%clk 0:57:37]} 50. h7 {[%clk 0:40:07]} Ke7 {[%clk
0:58:01]} 51. h8Q {[%clk 0:39:54]} g3 {[%clk 0:58:24]} 52. Qf6+ {[%clk 0:40:11]}
1-0

[Event "Girls U14 Polish Youth Championship"]
[Site "chess24.com"]
[Date "2018.05.05"]
[Round "9"]
[White "Franek, Diana"]
[Black "Polakowska, Agnieszka"]
[Result "0-1"]
[Board "23"]
[WhiteElo "1190"]
[WhiteCountry "POL"]
[WhiteFideId "21856516"]
[WhiteEloChange "-10"]
[BlackElo "1180"]
[BlackCountry "POL"]
[BlackFideId "21800804"]
[BlackEloChange "10"]

1. e4 {[%clk 1:30:58]} e5 {[%clk 1:30:51]} 2. Nf3 {[%clk 1:31:22]} Nc6 {[%clk
1:31:14]} 3. Bc4 {[%clk 1:31:39]} Bc5 {[%clk 1:31:36]} 4. d3 {[%clk 1:31:41]} Nf6
{[%clk 1:31:44]} 5. Nc3 {[%clk 1:31:45]} h6 {[%clk 1:31:54]} 6. h3 {[%clk
1:31:53]} d6 {[%clk 1:32:07]} 7. Be3 {[%clk 1:31:05]} Bb4 {[%clk 1:29:47]} 8. Qd2
{[%clk 1:28:15]} Na5 {[%clk 1:26:30]} 9. Bb3 {[%clk 1:27:09]} Nxb3 {[%clk
1:26:34]} 10. axb3 {[%clk 1:26:59]} Bd7 {[%clk 1:25:40]} 11. O-O {[%clk 1:24:46]}
O-O {[%clk 1:25:53]} 12. Qe2 {[%clk 1:23:31]} c6 {[%clk 1:22:56]} 13. Na4 {[%clk
1:23:00]} b5 {[%clk 1:22:23]} 14. Nc3 {[%clk 1:22:26]} Ba5 {[%clk 1:21:19]} 15.
Nd2 {[%clk 1:21:55]} Bb6 {[%clk 1:21:23]} 16. Na2 {[%clk 1:20:49]} a5 {[%clk
1:20:15]} 17. c3 {[%clk 1:19:51]} Be6 {[%clk 1:14:06]} 18. b4 {[%clk 1:17:47]}
Bxe3 {[%clk 1:13:51]} 19. fxe3 {[%clk 1:14:55]} Bxa2 {[%clk 1:14:03]} 20. Rxa2
{[%clk 1:14:07]} axb4 {[%clk 1:14:19]} 21. Rxa8 {[%clk 1:13:09]} Qxa8 {[%clk
1:14:42]} 22. Nf3 {[%clk 1:11:32]} bxc3 {[%clk 1:14:41]} 23. bxc3 {[%clk
1:11:25]} Qa3 {[%clk 1:12:28]} 24. Qe1 {[%clk 1:11:44]} b4 {[%clk 1:09:30]} 25.
Qg3 {[%clk 1:09:05]} bxc3 {[%clk 0:56:17]} 26. Nh4 {[%clk 1:07:07]} Nh5 {[%clk
0:56:34]} 27. Qg4 {[%clk 1:07:05]} c2 {[%clk 0:55:13]} 28. Nf5 {[%clk 1:05:16]}
c1Q {[%clk 0:52:52]} 29. Qxh5 {[%clk 1:04:32]} Qxf1+ {[%clk 0:51:36]} 30. Kxf1
{[%clk 1:04:52]} Qxd3+ {[%clk 0:51:41]} 31. Kf2 {[%clk 1:04:56]} Qxe4 {[%clk
0:50:53]} 32. Nxd6 {[%clk 1:03:05]} Qc2+ {[%clk 0:49:56]} 33. Kg3 {[%clk
1:01:25]} Qg6+ {[%clk 0:49:40]} 34. Qxg6 {[%clk 1:01:24]} fxg6 {[%clk 0:50:05]}
35. Nc4 {[%clk 1:01:45]} Re8 {[%clk 0:49:09]} 36. Kf3 {[%clk 1:01:57]} Kf8 {[%clk
0:47:07]} 37. Ke4 {[%clk 1:02:05]} g5 {[%clk 0:44:33]} 38. Nxe5 {[%clk 0:59:41]}
Ke7 {[%clk 0:43:50]} 39. Kd4 {[%clk 0:59:00]} Kd6 {[%clk 0:43:46]} 40. Nc4+
{[%clk 0:58:14]} Kc7 {[%clk 0:43:30]} 41. Nd2 {[%clk 0:57:39]} c5+ {[%clk
0:43:14]} 42. Kd3 {[%clk 0:57:00]} Kc6 {[%clk 0:43:04]} 43. Nf1 {[%clk 0:57:02]}
Kd5 {[%clk 0:43:07]} 44. Nd2 {[%clk 0:56:53]} Rd8 {[%clk 0:40:22]} 45. e4+ {[%clk
0:56:23]} Ke5+ {[%clk 0:40:35]} 46. Ke3 {[%clk 0:56:26]} Rxd2 {[%clk 0:40:51]}
47. Kxd2 {[%clk 0:56:31]} Kxe4 {[%clk 0:41:17]} 48. Kc3 {[%clk 0:56:40]} Kd5
{[%clk 0:41:34]} 49. g3 {[%clk 0:56:47]} h5 {[%clk 0:41:52]} 50. g4 {[%clk
0:57:00]} h4 {[%clk 0:42:06]} 51. Kd3 {[%clk 0:57:24]} c4+ {[%clk 0:42:11]} 52.
Kc3 {[%clk 0:57:46]} Kc5 {[%clk 0:41:56]} 53. Kc2 {[%clk 0:58:11]} Kd4 {[%clk
0:42:17]} 54. Kd2 {[%clk 0:58:27]} c3+ {[%clk 0:42:39]} 55. Kc2 {[%clk 0:58:55]}
Kc4 {[%clk 0:42:35]} 56. Kc1 {[%clk 0:59:18]} Kd3 {[%clk 0:42:53]} 57. Kd1 {[%clk
0:59:45]} g6 {[%clk 0:42:40]} 0-1

[Event "Girls U14 Polish Youth Championship"]
[Site "chess24.com"]
[Date "2018.05.05"]
[Round "9"]
[White "Kulpa, Karolina"]
[Black "Pieczewska, Gabriela"]
[Result "1-0"]
[Board "24"]
[WhiteElo "1288"]
[WhiteCountry "POL"]
[WhiteFideId "21836620"]
[WhiteEloChange "8"]
[BlackElo "1203"]
[BlackCountry "POL"]
[BlackFideId "1195158"]
[BlackEloChange "-8"]

1. e4 {[%clk 1:30:30]} e6 {[%clk 1:30:00]} 2. d4 {[%clk 1:30:49]} d5 {[%clk
1:30:20]} 3. Nd2 {[%clk 1:31:09]} c5 {[%clk 1:30:39]} 4. exd5 {[%clk 1:31:13]}
exd5 {[%clk 1:31:04]} 5. Ngf3 {[%clk 1:02:43]} Bd6 {[%clk 1:31:04]} 6. dxc5
{[%clk 1:02:43]} Bxc5 {[%clk 1:31:04]} 7. Bb5+ {[%clk 1:02:43]} Nc6 {[%clk
1:31:04]} 8. O-O {[%clk 1:02:43]} Ne7 {[%clk 1:31:04]} 9. Nb3 {[%clk 1:02:43]}
Bd6 {[%clk 1:31:04]} 10. Be3 {[%clk 1:02:43]} Bg4 {[%clk 1:31:04]} 11. h3 {[%clk
1:02:43]} Bh5 {[%clk 1:31:04]} 12. Be2 {[%clk 1:02:43]} Qc7 {[%clk 1:31:04]} 13.
Nbd4 {[%clk 1:01:40]} f5 {[%clk 1:27:48]} 14. Ne6 {[%clk 0:58:30]} Qd7 {[%clk
1:25:36]} 15. Nxg7+ {[%clk 0:57:47]} Kd8 {[%clk 1:22:03]} 16. Nxh5 {[%clk
0:57:25]} Qe6 {[%clk 1:19:35]} 17. Ng5 {[%clk 0:50:38]} Qg6 {[%clk 1:18:36]} 18.
Bf4 {[%clk 0:48:10]} h6 {[%clk 1:08:37]} 19. Nf7+ {[%clk 0:45:14]} Qxf7 {[%clk
1:05:41]} 20. Bxd6 {[%clk 0:45:34]} Rg8 {[%clk 1:03:38]} 21. Bg3 {[%clk 0:41:53]}
Ng6 {[%clk 0:57:08]} 22. Bf3 {[%clk 0:37:06]} f4 {[%clk 0:56:13]} 23. Bxd5 {[%clk
0:36:22]} Qd7 {[%clk 0:54:52]} 24. Bxg8 {[%clk 0:33:35]} fxg3 {[%clk 0:55:00]}
25. Nxg3 {[%clk 0:33:27]} Kc7 {[%clk 0:54:27]} 26. Qxd7+ {[%clk 0:33:41]} Kxd7
{[%clk 0:54:51]} 27. Rad1+ {[%clk 0:33:18]} Kc7 {[%clk 0:55:05]} 28. Be6 {[%clk
0:33:00]} Re8 {[%clk 0:55:14]} 29. Bf7 {[%clk 0:33:04]} Re6 {[%clk 0:55:22]} 30.
Bxe6 {[%clk 0:33:18]} 1-0

[Event "Girls U14 Polish Youth Championship"]
[Site "chess24.com"]
[Date "2018.05.05"]
[Round "9"]
[White "Gromek, Aleksandra"]
[Black "Hals, Emilia"]
[Result "0-1"]
[Board "25"]
[WhiteElo "1101"]
[WhiteCountry "POL"]
[WhiteFideId "21866619"]
[WhiteEloChange "-4"]
[BlackElo "1335"]
[BlackCountry "POL"]
[BlackFideId "21816603"]
[BlackEloChange "4"]

1. e4 {[%clk 1:30:58]} c6 {[%clk 1:30:55]} 2. d4 {[%clk 1:31:14]} d5 {[%clk
1:31:18]} 3. Nc3 {[%clk 1:31:11]} dxe4 {[%clk 1:31:35]} 4. Nxe4 {[%clk 1:31:10]}
Bf5 {[%clk 1:31:49]} 5. Ng3 {[%clk 1:30:53]} Bg6 {[%clk 1:32:09]} 6. h4 {[%clk
1:30:25]} h6 {[%clk 1:32:32]} 7. Nf3 {[%clk 1:30:21]} Nd7 {[%clk 1:32:51]} 8. h5
{[%clk 1:30:09]} Bh7 {[%clk 1:33:14]} 9. Bd3 {[%clk 1:30:13]} Bxd3 {[%clk
1:33:35]} 10. Qxd3 {[%clk 1:30:05]} Qc7 {[%clk 1:33:34]} 11. O-O {[%clk 1:28:30]}
Ngf6 {[%clk 1:32:53]} 12. Re1 {[%clk 1:25:20]} O-O-O {[%clk 1:27:51]} 13. Be3
{[%clk 1:18:45]} e6 {[%clk 1:25:17]} 14. c4 {[%clk 1:12:43]} Bd6 {[%clk 1:21:58]}
15. Kh2 {[%clk 1:08:05]} Nxh5 {[%clk 1:21:29]} 16. c5 {[%clk 1:01:49]} Bxg3+
{[%clk 1:20:15]} 17. fxg3 {[%clk 1:01:40]} Qxg3+ {[%clk 1:20:12]} 18. Kg1 {[%clk
0:59:56]} Nxc5 {[%clk 1:16:31]} 19. Qc2 {[%clk 0:59:24]} Na6 {[%clk 1:14:31]} 20.
Bf2 {[%clk 0:58:27]} Qf4 {[%clk 1:05:01]} 21. Be3 {[%clk 0:56:24]} Qf5 {[%clk
1:03:04]} 22. Qc3 {[%clk 0:54:25]} Nf4 {[%clk 1:01:05]} 23. Bxf4 {[%clk 0:54:01]}
Qxf4 {[%clk 1:00:45]} 24. Rf1 {[%clk 0:51:42]} Qc7 {[%clk 0:57:03]} 25. Ne5
{[%clk 0:47:57]} f6 {[%clk 0:55:11]} 26. Ng6 {[%clk 0:46:02]} Rhe8 {[%clk
0:53:13]} 27. Rae1 {[%clk 0:40:50]} Rd5 {[%clk 0:51:48]} 28. Nf4 {[%clk 0:37:53]}
Rd6 {[%clk 0:47:16]} 29. Qh3 {[%clk 0:34:50]} f5 {[%clk 0:44:35]} 30. Qb3 {[%clk
0:30:28]} Qd7 {[%clk 0:43:28]} 31. a3 {[%clk 0:29:20]} Nc7 {[%clk 0:42:25]} 32.
Qe3 {[%clk 0:26:50]} Rxd4 {[%clk 0:41:14]} 33. Qc3 {[%clk 0:25:07]} Nb5 {[%clk
0:39:30]} 34. Qb3 {[%clk 0:22:13]} e5 {[%clk 0:38:36]} 35. Ne2 {[%clk 0:21:45]}
Rd3 {[%clk 0:37:54]} 36. Qc2 {[%clk 0:20:54]} e4 {[%clk 0:35:01]} 37. Nf4 {[%clk
0:20:57]} Qd4+ {[%clk 0:34:00]} 38. Kh1 {[%clk 0:20:30]} Rd2 {[%clk 0:33:03]} 39.
Qc1 {[%clk 0:19:49]} Qxb2 {[%clk 0:32:53]} 40. Qd1 {[%clk 0:20:01]} 0-1

[Event "Girls U14 Polish Youth Championship"]
[Site "chess24.com"]
[Date "2018.05.05"]
[Round "9"]
[White "Kot, Ewelina"]
[Black "Lewandowska, Weronika"]
[Result "0-1"]
[Board "26"]
[WhiteElo "1148"]
[WhiteCountry "POL"]
[WhiteFideId "21871566"]
[WhiteEloChange "-8"]
[BlackElo "1219"]
[BlackCountry "POL"]
[BlackFideId "21814198"]
[BlackEloChange "8"]

1. e4 {[%clk 1:30:59]} e6 {[%clk 1:30:55]} 2. d4 {[%clk 1:31:23]} d5 {[%clk
1:31:20]} 3. Nd2 {[%clk 1:31:46]} Nf6 {[%clk 1:31:35]} 4. e5 {[%clk 1:31:49]}
Nfd7 {[%clk 1:31:46]} 5. Bd3 {[%clk 1:31:57]} c5 {[%clk 1:31:39]} 6. c3 {[%clk
1:31:54]} Nc6 {[%clk 1:31:18]} 7. Ne2 {[%clk 1:31:00]} Be7 {[%clk 1:29:40]} 8.
Nf3 {[%clk 1:30:07]} b6 {[%clk 1:25:57]} 9. Qc2 {[%clk 1:28:07]} h6 {[%clk
1:24:29]} 10. Ng3 {[%clk 1:27:36]} c4 {[%clk 1:18:53]} 11. Be2 {[%clk 1:26:40]}
b5 {[%clk 1:13:54]} 12. b4 {[%clk 1:20:23]} a5 {[%clk 1:08:09]} 13. bxa5 {[%clk
1:15:11]} Qxa5 {[%clk 1:00:20]} 14. Bb2 {[%clk 1:11:11]} b4 {[%clk 0:56:43]} 15.
O-O {[%clk 1:08:58]} bxc3 {[%clk 0:53:53]} 16. Bxc3 {[%clk 1:08:29]} Bb4 {[%clk
0:52:42]} 17. Bxb4 {[%clk 1:08:27]} Nxb4 {[%clk 0:51:52]} 18. Qb2 {[%clk
1:03:20]} Qa3 {[%clk 0:45:26]} 19. Rfb1 {[%clk 1:01:43]} Qxb2 {[%clk 0:43:57]}
20. Rxb2 {[%clk 1:02:04]} Nc6 {[%clk 0:43:45]} 21. Rc1 {[%clk 0:57:45]} O-O
{[%clk 0:42:37]} 22. h4 {[%clk 0:57:31]} Ba6 {[%clk 0:36:48]} 23. Nf1 {[%clk
0:48:03]} Rfb8 {[%clk 0:34:34]} 24. Rcb1 {[%clk 0:47:39]} Rxb2 {[%clk 0:31:09]}
25. Rxb2 {[%clk 0:48:02]} c3 {[%clk 0:29:46]} 26. Rc2 {[%clk 0:48:24]} Nb4 {[%clk
0:29:32]} 27. Rxc3 {[%clk 0:45:47]} Bxe2 {[%clk 0:28:50]} 28. a3 {[%clk 0:46:02]}
Na6 {[%clk 0:21:34]} 29. N1d2 {[%clk 0:45:28]} Bxf3 {[%clk 0:21:11]} 30. Rxf3
{[%clk 0:45:42]} Rc8 {[%clk 0:18:44]} 31. Kf1 {[%clk 0:45:50]} Nb6 {[%clk
0:16:48]} 32. Ke2 {[%clk 0:45:17]} Na4 {[%clk 0:14:05]} 33. Nb1 {[%clk 0:44:13]}
Rc2+ {[%clk 0:13:14]} 34. Kd3 {[%clk 0:44:27]} Rb2 {[%clk 0:12:35]} 35. Nc3
{[%clk 0:44:19]} Rb3 {[%clk 0:11:48]} 36. Kd2 {[%clk 0:44:39]} Rxa3 {[%clk
0:09:04]} 37. Kc2 {[%clk 0:44:51]} Rxc3+ {[%clk 0:07:51]} 38. Rxc3 {[%clk
0:45:15]} Nxc3 {[%clk 0:08:13]} 39. Kxc3 {[%clk 0:45:42]} Kf8 {[%clk 0:08:26]}
40. g3 {[%clk 0:45:57]} Ke7 {[%clk 0:08:40]} 41. g4 {[%clk 0:46:08]} Kd7 {[%clk
0:07:43]} 42. f3 {[%clk 0:46:12]} Kc6 {[%clk 0:06:32]} 43. f4 {[%clk 0:46:26]}
Nc7 {[%clk 0:05:53]} 44. Kb3 {[%clk 0:46:41]} Nb5 {[%clk 0:05:48]} 45. Kc2 {[%clk
0:47:05]} Nxd4+ {[%clk 0:06:08]} 46. Kd3 {[%clk 0:47:28]} Kc5 {[%clk 0:05:56]}
47. h5 {[%clk 0:47:44]} Nc6 {[%clk 0:05:50]} 48. Kc3 {[%clk 0:47:58]} d4+ {[%clk
0:05:36]} 49. Kd3 {[%clk 0:48:22]} Kd5 {[%clk 0:05:29]} 50. Ke2 {[%clk 0:48:24]}
Ke4 {[%clk 0:05:39]} 51. Kd2 {[%clk 0:48:43]} Kxf4 {[%clk 0:05:44]} 52. Kd3
{[%clk 0:49:05]} Kxe5 {[%clk 0:05:46]} 53. Ke2 {[%clk 0:49:27]} Ke4 {[%clk
0:06:08]} 54. Kd2 {[%clk 0:49:51]} d3 {[%clk 0:06:32]} 55. Ke1 {[%clk 0:50:11]}
Ke3 {[%clk 0:06:51]} 56. Kd1 {[%clk 0:50:33]} d2 {[%clk 0:07:08]} 0-1